[Event "New Delhi Parsvnath op 15th"]
[Site "New Delhi"]
[Date "2017.01.11"]
[Round "4"]
[White "Ghosh, Diptayan"]
[Black "Debarshi, Mukherjee"]
[Result "1-0"]
[WhiteElo "2570"]
[BlackElo "2193"]
[PlyCount "65"]
[EventDate "2017.01.09"]
[EventType "swiss"]
[EventRounds "10"]
[EventCountry "IND"]
[SourceTitle "CBM 176 Extra"]
[Source "ChessBase"]
[SourceDate "2017.03.02"]
[SourceVersion "1"]
[SourceVersionDate "2017.03.02"]
[SourceQuality "1"]

1. d4 Nf6 2. c4 g6 3. g3 c5 4. Nf3 Bg7 5. Bg2 cxd4 6. Nxd4 0-0 7. Nc3 Nc6 8. 0-0 Nxd4 9. Qxd4 d6 10. Qd3 a6 11. Bf4 Bf5 12. e4 Bd7 13. Rfd1 Bc6 14. Rac1 Nd7 15. Qe2 b5 16. b4 bxc4 17. Qxc4 Bb5 18. Qb3 Rc8 19. Nxb5 axb5 20. Bf1 Rxc1 21. Bxc1 Qb6 22. Be3 Qa6 23. Rd5 Rb8 24. Rxb5 Rxb5 25. a4 Rxb4 26. Qxb4 Qa8 27. a5 Nc5 28. a6 Qa7 29. Qb5 Bc3 30. Bc4 Kg7 31. Qe8 e6 32. Qd8 Be5 33. Kg2 1-0

[Event "Mumbai Wealth op 2nd"]
[Site "Mumbai"]
[Date "2017.01.03"]
[Round "9"]
[White "Debarshi, Mukherjee"]
[Black "Akash, G."]
[Result "1-0"]
[WhiteElo "2194"]
[BlackElo "2395"]
[PlyCount "61"]
[EventDate "2016.12.26"]
[EventType "swiss"]
[EventRounds "9"]
[EventCountry "IND"]
[SourceTitle "EXT 2018"]
[Source "ChessBase"]
[SourceDate "2017.10.13"]
[SourceVersion "1"]
[SourceVersionDate "2017.10.13"]
[SourceQuality "1"]

1. d4 Nf6 2. c4 g6 3. Nc3 Bg7 4. e4 0-0 5. Be2 d6 6. Bg5 Na6 7. f4 c6 8. Qd2 Nc7 9. Bf3 Ne6 10. Bh4 c5 11. dxc5 Nxc5 12. Rd1 Be6 13. b3 a5 14. Nge2 Qb6 15. Bxf6 Bxf6 16. f5 gxf5 17. exf5 Bxf5 18. Nd5 Qa7 19. Nxf6+ exf6 20. Qd4 Rfe8 21. 0-0 Bd3 22. Kh1 Bxe2 23. Qg4+ Kh8 24. Bxe2 Ne4 25. Qf4 Re6 26. Bg4 Re5 27. Bf5 Ng5 28. h4 h6 29. hxg5 fxg5 30. Qh2 Kg7 31. Rxd6 1-0

[Event "Mumbai Wealth op 2nd"]
[Site "Mumbai"]
[Date "2017.01.01"]
[Round "7"]
[White "Debarshi, Mukherjee"]
[Black "Mohammad, Nubairshah Shaikh"]
[Result "1/2-1/2"]
[WhiteElo "2194"]
[BlackElo "2412"]
[PlyCount "94"]
[EventDate "2016.12.26"]
[EventType "swiss"]
[EventRounds "9"]
[EventCountry "IND"]
[SourceTitle "CBM 176 Extra"]
[Source "ChessBase"]
[SourceDate "2017.03.02"]
[SourceVersion "1"]
[SourceVersionDate "2017.03.02"]
[SourceQuality "1"]

1. d4 Nf6 2. c4 g6 3. Nc3 Bg7 4. e4 d6 5. Be2 0-0 6. Bg5 c5 7. d5 a6 8. a4 h6 9. Bf4 Qa5 10. Bd2 e6 11. Nf3 exd5 12. exd5 Re8 13. 0-0 Qc7 14. h3 Nbd7 15. Bd3 Nf8 16. Qc2 Bd7 17. Rfe1 Rad8 18. Rxe8 Rxe8 19. Re1 Rxe1+ 20. Bxe1 g5 21. Nd2 Nh5 22. Ne2 Qc8 23. Ne4 Be5 24. Bc3 f5 25. Nd2 Ng6 26. g4 Nhf4 27. Nxf4 Nxf4 28. Bxe5 dxe5 29. Bxf5 Nxh3+ 30. Kg2 Nf4+ 31. Kf3 b5 32. axb5 axb5 33. Bxd7 Qxd7 34. Qf5 Qxf5 35. gxf5 bxc4 36. Nxc4 Nxd5 37. Ke4 Nf6+ 38. Kxe5 Ng4+ 39. Ke6 Kg7 40. Nd6 Nf6 41. Nf7 Nd5 42. Kxd5 Kxf7 43. Kxc5 h5 44. Kd4 h4 45. Ke4 h3 46. Kf3 g4+ 47. Kg3 Ke8 1/2-1/2

[Event "Mumbai Wealth op 2nd"]
[Site "Mumbai"]
[Date "2016.12.31"]
[Round "6"]
[White "Gusain, Himal"]
[Black "Debarshi, Mukherjee"]
[Result "1/2-1/2"]
[WhiteElo "2448"]
[BlackElo "2194"]
[PlyCount "62"]
[EventDate "2016.12.26"]
[EventType "swiss"]
[EventRounds "9"]
[EventCountry "IND"]
[SourceTitle "CBM 176 Extra"]
[Source "ChessBase"]
[SourceDate "2017.03.02"]
[SourceVersion "1"]
[SourceVersionDate "2017.03.02"]
[SourceQuality "1"]

1. e4 c5 2. Nf3 d6 3. d4 cxd4 4. Nxd4 Nf6 5. Nc3 a6 6. Bg5 e6 7. f4 Nbd7 8. Qe2 Qc7 9. 0-0-0 b5 10. a3 Be7 11. f5 e5 12. Bxf6 Nxf6 13. Nb3 h5 14. Kb1 Rb8 15. Nc1 Bd7 16. Nd5 Nxd5 17. Rxd5 Bc6 18. Rd1 Qb7 19. Re1 a5 20. h4 b4 21. Rh3 a4 22. axb4 Qxb4 23. Nd3 Qa5 24. Kc1 Bb5 25. Qd2 Qxd2+ 26. Kxd2 Bd8 27. Ke3 Bb6+ 28. Kd2 Bd8 29. Ke3 Bb6+ 30. Kd2 Bd8 31. Ke3 Bb6+ 1/2-1/2

[Event "Keshabananda Das Memorial 4th"]
[Site "Bhubaneswar"]
[Date "2015.09.14"]
[Round "6"]
[White "Debarshi, Mukherjee"]
[Black "Kiran, Manisha Mohanty"]
[Result "1/2-1/2"]
[WhiteElo "2230"]
[BlackElo "2131"]
[PlyCount "49"]
[EventDate "2015.09.11"]
[EventType "swiss"]
[EventRounds "10"]
[EventCountry "IND"]
[SourceTitle "EXT 2016"]
[Source "ChessBase"]
[SourceDate "2015.10.08"]
[SourceVersion "1"]
[SourceVersionDate "2015.10.08"]
[SourceQuality "1"]

1. c4 c5 2. g3 g6 3. Bg2 Bg7 4. Nc3 Nc6 5. e3 e6 6. Nge2 Nge7 7. d4 cxd4 8. Nxd4 Nxd4 9. exd4 d5 10. cxd5 Nxd5 11. Nxd5 exd5 12. 0-0 0-0 13. Be3 Be6 14. Qd2 Qd7 15. Bh6 Bh3 16. Bxg7 Kxg7 17. Rfe1 Bxg2 18. Kxg2 Rfe8 19. Rxe8 Rxe8 20. Re1 Rxe1 21. Qxe1 f6 22. Qb4 Kf7 23. h4 Qe7 24. Qxe7+ Kxe7 25. Kf3 1/2-1/2

[Event "Chennai op 7th"]
[Site "Chennai"]
[Date "2014.12.30"]
[Round "1"]
[White "Debarshi, Mukherjee"]
[Black "Brunello, Sabino"]
[Result "1/2-1/2"]
[WhiteElo "2142"]
[BlackElo "2573"]
[PlyCount "80"]
[EventDate "2014.12.30"]
[EventType "swiss"]
[EventRounds "10"]
[EventCountry "IND"]
[SourceTitle "CBM 164 Extra"]
[Source "ChessBase"]
[SourceDate "2015.03.02"]
[SourceVersion "1"]
[SourceVersionDate "2015.03.02"]
[SourceQuality "1"]

1. c4 e5 2. g3 Nc6 3. Bg2 Bc5 4. Nc3 Nf6 5. e3 a6 6. Nge2 d6 7. d4 Ba7 8. h3 h5 9. Bxc6+ bxc6 10. dxe5 dxe5 11. Qxd8+ Kxd8 12. b3 Be6 13. Ba3 Kc8 14. Rd1 Kb7 15. Nc1 Nd7 16. Nd3 a5 17. Ke2 f6 18. f3 g5 19. Na4 Rhe8 20. Bc5 Bb6 21. e4 f5 22. Bf2 g4 23. Ndc5+ Nxc5 24. Nxc5+ Bxc5 25. Bxc5 a4 26. hxg4 hxg4 27. Rd2 axb3 28. axb3 Rg8 29. Rh5 gxf3+ 30. Kxf3 fxe4+ 31. Kxe4 Rxg3 32. Rxe5 Bg8 33. Be3 Ra3 34. Rb2 Rg4+ 35. Bf4 Ra1 36. Rg5 Re1+ 37. Kf3 Rxg5 38. Bxg5 Bh7 39. Kf2 Rb1 40. Rxb1 Bxb1 1/2-1/2

[Event "IND-chB 51st"]
[Site "Bhopal"]
[Date "2013.10.20"]
[Round "11"]
[White "Debarshi, Mukherjee"]
[Black "Ramakrishna, J."]
[Result "0-1"]
[WhiteElo "1994"]
[BlackElo "2207"]
[PlyCount "74"]
[EventDate "2013.10.12"]
[EventType "swiss"]
[EventRounds "13"]
[EventCountry "IND"]
[SourceTitle "EXT 2014"]
[Source "ChessBase"]
[SourceDate "2013.11.20"]
[SourceVersion "1"]
[SourceVersionDate "2013.11.20"]
[SourceQuality "1"]

1. e4 c5 2. Nc3 e6 3. f4 a6 4. Nf3 d5 5. g3 Nc6 6. d3 b5 7. Qe2 Nd4 8. Nxd4 cxd4 9. Nd1 dxe4 10. dxe4 Bb7 11. Bg2 Rc8 12. 0-0 Nf6 13. Nf2 Be7 14. Rd1 Qb6 15. b3 0-0 16. Bb2 Rfd8 17. Rd3 b4 18. Rad1 Qa5 19. Ra1 Bc5 20. Qd2 h6 21. a4 Qb6 22. g4 a5 23. g5 hxg5 24. fxg5 Nd7 25. Ng4 e5 26. Kh1 Qg6 27. Re1 Be7 28. Bc1 Rc3 29. Re2 Rdc8 30. Nf2 Nc5 31. Qd1 Nxd3 32. Nxd3 Ba6 33. Bb2 Bxd3 34. cxd3 R3c5 35. Bh3 Bxg5 36. Rg2 R8c7 37. Qg4 Be3 0-1

[Event "IND-ch U15"]
[Site "New Delhi"]
[Date "2010.09.10"]
[Round "9"]
[White "Rishi, Thariani"]
[Black "Debarshi, Mukherjee"]
[Result "1-0"]
[WhiteElo "2026"]
[BlackElo "1882"]
[PlyCount "81"]
[EventDate "2010.09.04"]
[EventType "swiss"]
[EventRounds "11"]
[EventCountry "IND"]
[SourceTitle "CBM 138 Extra"]
[Source "ChessBase"]
[SourceDate "2010.10.29"]
[SourceVersion "1"]
[SourceVersionDate "2010.10.29"]
[SourceQuality "1"]

1. e4 c5 2. c3 Nf6 3. e5 Nd5 4. d4 cxd4 5. Nf3 b6 6. cxd4 Bb7 7. a3 e6 8. Bd3 Be7 9. Qe2 Qc8 10. Bd2 Ba6 11. Nc3 Bxd3 12. Qxd3 Nxc3 13. Bxc3 Na6 14. d5 Nc5 15. Qc4 exd5 16. Qxd5 0-0 17. 0-0 Rd8 18. Nd4 Qb7 19. Nf5 Bf8 20. Rfd1 Qc6 21. Rac1 Rac8 22. Be1 Qg6 23. Qf3 Qe6 24. b4 Na4 25. Rxc8 Rxc8 26. Qb7 Re8 27. Ne3 Qxe5 28. Qxd7 Nb2 29. Bc3 Qxc3 30. Qxe8 Nxd1 31. Nd5 g6 32. Nxc3 Nxc3 33. Qc8 Ne2+ 34. Kf1 Nd4 35. Qd7 Nc2 36. Qxa7 Nxb4 37. axb4 Bxb4 38. Qxb6 Be7 39. Ke2 Kg7 40. Kf3 f5 41. h3 1-0